Terrestrial Biomes of China - Statistics

General Stats
  • This quiz has been taken 686 times
  • The average score is 4 of 8
Answers on the Map
Answers color-coded by a green-red scale on the quiz's map according to % correct below.
 
Answer Stats
Biomes % Correct
Desert
94%
Highlands
82%
Taiga
67%
Steppes
48%
Temperate Deciduous
30%
Subtropical Evergreen
15%
Temperate Mixed
11%
Tropical Monsoon
11%
No matching quizzes found
Score Distribution
Percent of People with Each Score
Percentile by Number Answered
Your Score History
You have not taken this quiz